Central Library OPAC University of Rajshahi
Normal view MARC view

Entry Topical Term

Number of records used in: 1

001 - CONTROL NUMBER

  • control field: 6554

003 - CONTROL NUMBER IDENTIFIER

  • control field: BD-RjUL

005 - DATE AND TIME OF LATEST TRANSACTION

  • control field: 20230112171023.0

008 - FIXED-LENGTH DATA ELEMENTS

  • fixed length control field: 230112|| aca||aabn | a|a d

040 ## - CATALOGING SOURCE

  • Original cataloging agency: BD-RjUL
  • Transcribing agency: BD-RjUL

150 ## - HEADING--TOPICAL TERM

  • Topical term or geographic name entry element: Analytical
  • Form subdivision: Numerical
  • General subdivision: Flows

670 ## - SOURCE DATA FOUND

  • Source citation: Work cat.: (BD-RjUL)81062: Arif, Md. Golam 6553, Analytical and Numerical Studies on Some Problems of Viscous Incompressible Flows /, 2012